| 000 | 01002nas a2200301 4500 | ||
|---|---|---|---|
| 001 | BR7503597 | ||
| 003 | BR-BrBNA | ||
| 005 | 20231205082838.0 | ||
| 007 | ta | ||
| 008 | 230509b bl.|||p| |||| 00| 00por d | ||
| 040 |
_aBR-BrBNA _bpor _cBiblioteca Nacional de Agricultura |
||
| 041 | _a(Pt) | ||
| 072 | _aL30 | ||
| 100 | 1 | _aMuller, O.R. | |
| 100 | 1 | _aOsorio, F.H.S. | |
| 100 | 1 | _aCalliari, R.A. | |
| 100 | 1 | _aFerreira, F.C. | |
| 100 | 1 | _aGarcia, M.A. | |
| 245 | 1 | _aDesmame antecipado de cordeiros em pastagem cultivada de ciclo hibernal (resultados parciais)[Estacao Experimental Zootecnica de Vacaria, Rio Grande do Sul, Brasil] | |
| 650 | _aDESMAMA | ||
| 650 | _aPASTAGEM | ||
| 650 | _aCULTURA DE INVERNO | ||
| 650 | _aCORDEIRO | ||
| 650 | _aRIO GRANDE DO SUL | ||
| 773 | 0 |
_tAnuario Tecnico do Instituto de Pesquisas Zootecnicas Francisco Osorio (Brazil) _xISSN 0100-2546 _g(Mar 1975), v. 2 p. 235-239 _wBR7503597 |
|
| 909 |
_a202311 _bLúcia _c55 _dLúcia Elande |
||
| 942 |
_2AGRIS _n0 _cANA |
||
| 999 |
_c94597 _d94597 |
||